Normal view
MARC view
- Englih Language-Grammer-Report Writng
Entry Topical Term
001 - CONTROL NUMBER
- control field: 6397
003 - CONTROL NUMBER IDENTIFIER
- control field: JO-AjAnu
005 - DATE AND TIME OF LATEST TRANSACTION
- control field: 20230606071334.0
008 - FIXED-LENGTH DATA ELEMENTS
- fixed length control field: 230606|| aca||aabn | a|a d
040 ## - CATALOGING SOURCE
- Original cataloging agency: JO-AjAnu
- Transcribing agency: JO-AjAnu
150 ## - HEADING--TOPICAL TERM
- Topical term or geographic name entry element: Englih Language-Grammer-Report Writng
670 ## - SOURCE DATA FOUND
- Source citation: Work cat.: (JO-AjAnu)3312: Collins, author 6396, easy learning English Conversation 1: How are you? I,m Fine, thanks.